UBT Library

Full of Grace a Journey Through the History of Childhood (Record no. 55507)

000 -LEADER
fixed length control field 00344nam a22001457a 4500
008 - FIXED-LENGTH DATA ELEMENTS--GENERAL INFORMATION
fixed length control field 210302b ||||| |||| 00| 0 eng d
020 ## - INTERNATIONAL STANDARD BOOK NUMBER
International Standard Book Number 9781576873298
041 ## - LANGUAGE CODE
Language code of text/sound track or separate title eng
080 ## - UNIVERSAL DECIMAL CLASSIFICATION NUMBER
Universal Decimal Classification number 94
082 ## - DEWEY DECIMAL CLASSIFICATION NUMBER
Classification number 94
100 ## - Rafti
Rafti 16
101 ## - Shkurtesa
Shkurtesa SHH
245 ## - TITLE STATEMENT
Title Full of Grace a Journey Through the History of Childhood
Statement of responsibility, etc Merritt, R
942 ## - ADDED ENTRY ELEMENTS (KOHA)
Source of classification or shelving scheme
Item type Books
Holdings
Withdrawn status Lost status Source of classification or shelving scheme Damaged status Not for loan Collection code Permanent location Current location Shelving location Date acquired Total Checkouts Full call number Barcode Date last seen Price effective from Koha item type
          Koleksioni i përgjithshem UBT - Lipjan UBT - Lipjan Koleksioni i përgjithshem 03/02/2021   94 MER 002-6000854 03/02/2021 03/02/2021 Books
          Koleksioni i përgjithshem UBT - Lipjan UBT - Lipjan Koleksioni i përgjithshem 03/02/2021   94 MER 002-6000853 03/02/2021 03/02/2021 Books
          Koleksioni i përgjithshem UBT - Lipjan UBT - Lipjan Koleksioni i përgjithshem 03/03/2021   94 MER 002-6000269 03/03/2021 03/03/2021 Books
          Koleksioni i përgjithshem UBT - Lipjan UBT - Lipjan Koleksioni i përgjithshem 03/03/2021   94 MER 002-6000268 03/03/2021 03/03/2021 Books
            UBT - Prishtine UBT - Prishtine   10/05/2022   94 002-800028700074 10/05/2022 10/05/2022 Books
            UBT - Prishtine UBT - Prishtine   10/05/2022   94 MER 002-80002870075 10/05/2022 10/05/2022 Books
            UBT - Prishtine UBT - Prishtine   10/05/2022   94 MER 002-80002870076 10/05/2022 10/05/2022 Books
            UBT - Prishtine UBT - Prishtine   10/05/2022   94 MER 002-80002870077 10/05/2022 10/05/2022 Books
UBT Library © 2015-2024. All rights reserved University Education for Business and Technology